Slovenský družstevník rodinný list pre Slovensko

Bibliographic Details
New Title:Družstevník
Format: Journal
Language:Slovak
PhysicalDescription:18 zv. 25 x 18 cm
Published: Žilina Ústredný sväz československých družstiev 1922-1939
Subjects:

MARC

LEADER 00000cas a22000001a 4500
001 vtls010300456
003 SK-MaSNL
005 20260228161719.0
008 200401d19221939xo mr p 0 b0slo d
040 |a SNK  |b slo  |c SNK  |e AACR2 
041 0 |a slo 
044 |a xo  |a xr  |c SK  |c CZ 
072 7 |a 334  |x Formy organizácie a spolupráce v ekonomike  |2 konspekt 
080 |a 334.73  |2 2001 
080 |a 050  |2 2001 
245 0 0 |a Slovenský družstevník  |b rodinný list pre Slovensko 
260 |a Žilina  |b Ústredný sväz československých družstiev  |c 1922-1939 
300 |a 18 zv.  |c 25 x 18 cm 
310 |a 1x mesačne 
362 0 |a Roč. I, č. 1 (1922)-roč. XVIII, č. 6 (1939) 
500 |a Zodp. red.: 1922-1939, Alois Březina 
500 |a Tlač. Kníhtlačiareň Bratstvo, Vrútky 
500 |a V r. 1925-1939 mal prílohu Detský kútik slovenského družstevníka; v r. 1933-1937 prílohu Zvestník Pohronského družstva konzumného a úsporného, Podbrezová; v r. 1935-1939 prílohu Radca našich gazdiniek 
580 |a Pokračoval pod názvom Družstevník 
650 0 7 |a družstevníctvo  |2 SNKPH  |9 2134 
700 1 |a Březina, Alois  |4 lso  |9 269358 
770 0 |t Detský kútik Slovenského družstevníka  |x 1337-320X  |w vtls010300036 
770 0 |t Zvestník Pohronského družstva konzumného a úsporného, Podbrezová 
770 0 |t Radca našich gazdiniek  |w vtls010300378 
785 0 0 |t Družstevník  |w vtls010300051 
910 |a snk 
916 |a 1922, 1924-1925, 1927-1939 
999 |c 5952  |d 7882 
952 |0 0  |1 0  |4 0  |7 0  |8 5  |a SNK  |b SNK  |d 2010-01-25  |f 1  |i snkČSF 1247/58  |l 0  |o snkČSB 122/14/1935  |p 17A0642532  |r 2026-02-21 19:31:31  |t č. 1-12  |w 2026-02-21  |y PREZ  |z obs. prílohu Zvestník ""Budúcnosti"" v Žiline, r. 1935, č. 1 
952 |0 0  |1 0  |4 0  |7 0  |a SNK  |b SNK  |d 2010-01-25  |f 1  |i snk170/41  |l 0  |o snkČSB 122/18/1939  |p 17A0642531  |r 2026-02-21 19:31:31  |t č. 1-6  |w 2026-02-21  |y PREZ 
952 |0 0  |1 0  |4 0  |7 0  |8 3  |a SNK  |b SNK  |d 2010-03-15  |f 1  |i snkK 2767/76  |l 0  |o snkČSB 122/1/1922  |p 17A0648783  |r 2026-02-21 19:31:55  |t č. 1-9  |w 2026-02-21  |y PREZ 
952 |0 0  |1 0  |4 0  |7 0  |a SNK  |b SNK  |d 2010-03-15  |f 1  |i snk758/29  |l 0  |o snkČSB 122/3/1924  |p 17A0648782  |r 2026-02-21 19:31:55  |t č. 1-12, neúpl.  |w 2026-02-21  |y PREZ  |z chýba č. 1,2,9,12 
952 |0 0  |1 0  |4 0  |7 0  |a SNK  |b SNK  |d 2008-01-08  |f 1  |i snk436/31  |l 0  |o snkČSB 122/9/1930  |p 17A0572358  |r 2026-02-21 20:21:30  |t č. 1-12  |w 2026-02-21  |y PREZ 
952 |0 0  |1 0  |4 0  |7 0  |a SNK  |b SNK  |d 2008-01-08  |f 1  |i snk500/32  |l 0  |o snkČSB 122/10/1931  |p 17A0572018  |r 2026-02-21 20:21:30  |t č. 1-12  |w 2026-02-21  |y PREZ 
952 |0 0  |1 0  |3 rekatalogizácia  |4 0  |7 0  |8 5  |a SNK  |b SNK  |d 2007-12-27  |f 1  |i snkČSF 1249/58  |l 0  |o snkČSB 122/6/1927  |p 17A0572306  |r 2026-02-21 20:21:39  |t č. 1-13, neúpl.  |w 2026-02-21  |y PREZ  |z chýba č. 1 
952 |0 0  |1 0  |4 0  |7 0  |a SNK  |b SNK  |d 2007-12-27  |f 1  |i snk989/30  |l 0  |o snkČSB 122/7/1928  |p 17A0572307  |r 2026-02-21 20:21:39  |t č. 1-12  |w 2026-02-21  |y PREZ  |z obs. prílohu Detský kútik Slovenského družstevníka, č. 1-6, 11,12 
952 |0 0  |1 0  |4 0  |7 0  |a SNK  |b SNK  |d 2010-01-25  |f 1  |i snk169/41  |l 0  |o snkČSB 122/17/1938  |p 17A0642549  |r 2026-02-21 20:22:05  |t č. 1-12  |w 2026-02-21  |y PREZ 
952 |0 0  |1 0  |4 0  |7 0  |a SNK  |b SNK  |d 2010-01-25  |f 1  |i snk793/36  |l 0  |o snkČSB 122/13/1934  |p 17A0642534  |r 2026-02-21 20:22:22  |t č. 1-12  |w 2026-02-21  |y PREZ 
952 |0 0  |1 0  |4 0  |7 0  |8 5  |a SNK  |b SNK  |d 1998-04-22  |f 1  |i snkČSF 1248/58  |l 0  |o snkČSB 122/12/1933  |p 17A0136051  |r 2005-01-02 00:00:00  |t č. 1-12, neúpl.  |w 2026-02-21  |y PREZ  |z chýba č. 11 
952 |0 0  |1 0  |4 0  |7 0  |a SNK  |b SNK  |d 1998-04-22  |l 0  |o snkČSB 122/12/1933 D1  |p 17A0136052  |r 2005-01-02 00:00:00  |w 2026-02-21  |y PREZ 
952 |0 0  |1 0  |4 0  |7 0  |a SNK  |b SNK  |d 2004-12-20  |f 1  |i snk1958/38  |l 0  |o snkČSB 122/16/1937  |p 17A0454416  |r 2005-01-02 00:00:00  |t č. 1-12  |w 2026-02-21  |y PREZ 
952 |0 0  |1 0  |4 0  |7 0  |a SNK  |b SNK  |d 2004-12-20  |f 1  |i snk1428/43  |l 0  |o snkČSB 122/15/1936  |p 17A0454417  |r 2005-01-02 00:00:00  |t č. 1-12  |w 2026-02-21  |y PREZ  |z obs. prílohu Radca našich gazdiniek, č. 1-12, roč. 15. 
952 |0 0  |1 0  |3 rekatalogizácia  |4 0  |7 0  |a SNK  |b SNK  |d 2008-01-08  |f 1  |i snk988/30  |l 0  |o snkČSB 122/8/1929  |p 17A0572367  |r 2026-02-21 21:33:06  |t č. 1-12  |w 2026-02-21  |y PREZ  |z obs. prílohu Destký kútik Slov. družstevníka, č. 1-6,8-12 
952 |0 0  |1 0  |4 0  |7 0  |a SNK  |b SNK  |d 2010-03-15  |f 1  |i snk759/29  |l 0  |o snkČSB 122/4/1925  |p 17A0648585  |r 2026-02-21 21:33:15  |t č. 1-12  |w 2026-02-21  |y PREZ  |z obs. prílohu Detský kútik Slovenského družstevníka, č. 7, roč. 4. 
952 |0 0  |1 0  |4 0  |7 0  |a SNK  |b SNK  |d 2014-07-29  |f 1  |i snk3106/34  |l 0  |o snkČSB 122/11/1932  |p 17A0712231  |r 2026-02-21 21:33:15  |t č. 1-12  |w 2026-02-21  |y PREZ